00585 2200169 4500245004900000020002200049250001100071100001800082650002000100005001900120260004200139041001400181084000800195300002700203500017600230336000900406 aAku Ini Binatang JalangcChairil AnwarhText a978-602-03-3244-4 aCet. 1 aChairil Anwar aSajak Indonesia a20231002131214 aJakartabGramedia Pustaka Utamac2018 aIndonesia a811 axxv, 131 hlm, :c21 cm aIni kali tidak ada yang mencari cinta diantara gudang, rumah tua, pada cerita tiang serta pemali. Kapal, perahu tiada berlaut menghembus diri dalam mempercaya mau berpaut. atext